000 00824nam a22002177a 4500
003 BUBTL
008 211206b ||||| |||| 00| 0 eng d
020 _a9847112012
082 _a954.925/ M2788b/ 2017
100 _94322
_aমাহমুদ, আনু
245 _aবঙ্গবন্ধুর ভাষণ /
_cআনু মাহমুদ
250 _a2nd Edn.
260 _aঢাকা:
_bন্যাশনাল পাবলিকেশন,
_cc2017
300 _a367 p.:
_c22 cm.
505 _aবঙ্গবন্ধুর ভাষণ, ভাষণ, বঙ্গবন্ধু, আনু মাহমুদ, Bangabandhu
650 0 _93574
_aবঙ্গবন্ধু
650 0 _94372
_aBangabandhu
856 _k0
_l0
_yDownload
942 _2ddc
_cBK
999 _c6597
_d6597